00366pab a2200145 454500008004000000100002200040245005400062260000900116300001500125362001200140650001000152650002400162650001600186773001800202180718b2017 xxu||||| |||| 00| 0 eng d aJena, Rajanikanta aThe trend of Hindu religious nationalism in India c2017 ap.176-189. aApr-Jun aHindu aNationalism - India aNationalism aSocial Action